La población (Registro nro. 5751)

Detalles MARC
000 -LEADER
fixed length control field 01241 a2200193 4500
001 - CONTROL NUMBER
control field 54729
005 - DATE AND TIME OF LATEST TRANSACTION
control field 20260407155822.0
008 - FIXED-LENGTH DATA ELEMENTS--GENERAL INFORMATION
fixed length control field 260407a1960 arg spa d
003 - CONTROL NUMBER IDENTIFIER
control field AR-UNSa-BCEJYS
040 ## - CATALOGING SOURCE
Original cataloging agency AR-UNSa-BCEJYS
Language of cataloging spa
Transcribing agency AR-UNSa-BCEJYS
080 ## - UNIVERSAL DECIMAL CLASSIFICATION NUMBER
Universal Decimal Classification number 314
Common auxiliary subdivision Demografía. Estudios de población
100 1# - MAIN ENTRY--PERSONAL NAME
Personal name Sauvy, Alfred
245 10 - TITLE STATEMENT
Title La población
Name of part/section of a work sus movimientos, sus leyes
264 #1 - PRODUCTION, PUBLICATION, DISTRIBUTION, MANUFACTURE, AND COPYRIGHT NOTICE
Place of production, publication, distribution, manufacture Buenos Aires :
Name of producer, publisher, distributor, manufacturer EUDEBA (Editorial Universitaria de Buenos Aires)
Date of production, publication, distribution, manufacture, or copyright notice 1960
300 ## - PHYSICAL DESCRIPTION
Extent 143 p.
Dimensions 18 cm.
505 ## - FORMATTED CONTENTS NOTE
Formatted contents note Primera parte: Métodos e instrumentos - I. Reunión de datos fundamentales - II. Estado de la población - III. Mortalidad - IV. Natalidad,fecundidad - V. Movimiento general de una población - VI. Previsiones demográficas - VII. Factores cualitativos - Segunda parte: Resultados generales - VIII. Estado de las poblaciones - IX. Mortalidad - X. Natalidad,fecundidad - XI. Movimiento general y vitalidad - XII. La población francesa - Tercera parte: Doctrinas y políticas de población - XIII. Resumen histórico - XIV. Doctrinas actuales y actitudes - XV. Bases para una doctrina racional - XVI. Los países subdesarrollados - XVII. Política de población
590 ## - LOCAL NOTE (RLIN)
Local note niveau_biblio:m niveau_hierar:0
942 ## - ADDED ENTRY ELEMENTS (KOHA)
Koha item type
Existencias
Withdrawn status Lost status Damaged status Not for loan Home library Current library Shelving location Date acquired Total checkouts Full call number Barcode Date last seen Price effective from Koha item type
        Biblioteca Prof. Eusebio Cleto del Rey Biblioteca Prof. Eusebio Cleto del Rey   07/04/2026   314 S262 L12351 07/04/2026 07/04/2026 Libro
        Biblioteca Prof. Eusebio Cleto del Rey Biblioteca Prof. Eusebio Cleto del Rey   07/04/2026   314 S262 L12353 07/04/2026 07/04/2026 Libro
        Biblioteca Prof. Eusebio Cleto del Rey Biblioteca Prof. Eusebio Cleto del Rey   07/04/2026   314 S262 L12352 07/04/2026 07/04/2026 Libro